000 00912nasaa2200289 i 4500
003 EG-GICUS
005 20260331124948.0
008 260329c19589999ku mr p 0 0ara d
040 _aEG-GiCUC
_bara
_cEG-GiCUC
_drda
041 _aara
043 _aku
049 _aإشتراك
092 _a306.05
_bA3161
_221
099 _a306.05 A3161
245 0 2 _aالعربى:
_bمجلة شهرية ثقافية مصورة
246 0 3 _aAL ARABI
264 1 _aالكويت:
_b،وزارة الاعلام بدولة الكويت
_c1958-
300 _aمجلد:
_b:ايضاحيات
_c23 سم
310 _0شهرية
362 1 _aصدر العدد الاول 1958
541 _aإشتراك
588 _5العدد663 فبراير (2014
650 7 _aالثقافة العربية
_vدوريات
710 2 _aوزارة الاعلام بدولة الكويت
905 _aSuzan
_eAbeer
942 _n0
_cCR
999 _c179078
_d179078